000 00524cam a2200205ua 4500
001 10745
005 20260515114645.0
008 190330n ii |||gr||||Z||||||asm
020 _a9788192317205
040 _cMAIN
041 _aasm
082 _a891.4513
245 _aAsamiya chutigalpa
_boitijya aru bibartan
250 _a1st ed.
260 _aJorhat:
_bJorhat Kendriya Mahavidyalaya publication cell,
_c2012.
300 _a720p.
653 _aAssamese short story
700 _aApurba Bora,
_eEditor.
942 _cBK
999 _c9701
_d9701